000 02499nam a22002657a 4500
005 20260407112837.0
008 260407b |||||||| |||| 00| 0 eng d
020 _a9788126554973
040 _cAL
041 _aeng
082 _a621.382
_bSAAF
100 _aTarek N Saadawi and others
_9260462
245 _aFundamentals of telecommunication networks
260 _aNew Delhi
_bWiley
_c2015
300 _axvii,485p
_bPB
_c23x15cm
365 _2Electronics and Communication Engineering
_aVBI-2645
_b₹896.25
_c
_d₹1195.00
_e25%
_f20-02-2026
440 _aWiley series in telecommunications and signal processing
_9260463
520 _aComprehensive, authoritative, practical--an essential guide to the design and operation of telecommunication networks The past decade has seen what can only be described as an evolutionary leap in the field of telecommunication networks. The penetration of data networks, the emergence of the integrated services digital network (ISDN) and Broadband ISDN, and the development of fast packet switching, are just some of the dramatic developments that have emerged over the past few years alone. This book was designed to function as a practical introduction to the core concepts, techniques, and methodologies underlying each of these developments and common to the design and operation of all forms of existing telecommunications networks. Key topics covered include: * The physical layer of the OSI reference model * Performance evaluation techniques * Queueing theory fundamentals and their applications to networks * Layers 2 and 3 of the OSI reference model -- including an in-depth discussion of protocol standards,routing algorithms, and flow and congestion control techniques * LAN theory, standards, and technology and multiple access communications techniques * Network interconnection and the transport layer * ISDN, Broadband ISDN, and fast packet switching theory and architecture Fundamentals of Telecommunication Networks is an invaluable resource for systems developers, engineers, and managers responsible for dealing with telecommunications networks and systems. An Instructor's Manual presenting detailed solutions to all the problems in the book is available from the Wiley editorial department.
650 _aQueueing Systems
_9260453
650 _aNetwork Interconnection
_9260454
650 _aTransport Protocols
_9260455
700 _aAmmar, Mostafa H
_9260456
700 _aHakeem, Ahmed El
_9260457
942 _2ddc
_cBK
999 _c241154
_d241154